LEADER 01191nam0-2200385---450- 001 990009808850403321 005 20160215151702.0 010 $a978-88-568-4720-8 035 $a000980885 035 $aFED01000980885 035 $a(Aleph)000980885FED01 035 $a000980885 100 $a20140115d2011----km-y0itay50------ba 101 0 $aita 102 $aIT 105 $aa-------001yy 200 1 $aDa fuori a dentro e da dentro a fuori$ewelfare, lavoro e formazione nel sistema della giustizia minorile$fAlberto Vergani 210 $aMilano$cFrancoAngeli$d2011 215 $a202 p.$cill.$d23 cm 225 1 $aPolitiche del lavoro$v83 610 0 $aMinori$aAssistenza sociale$aItalia 610 0 $aGiustizia penale minorile 610 0 $aDevianza minorile$aPolitiche pubbliche 676 $a302.542$v22$zita 676 $a362.70945$v22$zita 700 1$aVergani,$bAlberto$0245973 801 0$aIT$bUNINA$gREICAT$2UNIMARC 901 $aBK 912 $a990009808850403321 952 $a302.542 VER 1$b2025$fBFS 952 $aCollez. 1647 (83)$b50940$fFSPBC 959 $aBFS 959 $aFSPBC 996 $aDa fuori a dentro e da dentro a fuori$9837993 997 $aUNINA LEADER 01097nam0-22003611i-450- 001 990005506440403321 005 20150604084326.0 035 $a000550644 035 $aFED01000550644 035 $a(Aleph)000550644FED01 035 $a000550644 100 $a19990604d1973----km-y0itay50------ba 101 1 $aita 102 $aIT 105 $ay-------001yy 200 1 $a<>immaginazione sociologica$fC. Wright Mills$gtraduzione di Quirino Maffi 205 $a4. ed. 210 $aMilano$cIl Saggiatore$d1973 215 $a245 p.$d21 cm 225 1 $a<>cultura$iBiblioteca di scienze dell'uomo$v4 454 0$12001$a<>sociological imagination$923672 610 0 $aPsicologia della coscienza$aImmaginazione e immagini 676 $a301 676 $a153.3 700 1$aMills,$bCharles Wright$f<1916-1962>$034046 702 1$aMaffi,$bQuirino$f<1906-1971> 801 0$aIT$bUNINA$gRICA$2UNIMARC 901 $aBK 912 $a990005506440403321 952 $a301 MIL 2$bBIBL. 48530$fFLFBC 959 $aFLFBC 996 $aSociological imagination$923672 997 $aUNINA